التفكير في زمن التكفير ضد الجهل و الزيف و الخرافة / (رقم التسجيلة. 5073)
[ عرض عادي ]
| 000 -الفاتح | |
|---|---|
| عناصر البيانات ثابتة الطول | 00620cam a2200169 i 4500 |
| 005 - تاريخ ووقت آخر معاملة | |
| حقل ضبط | 20251230092011.0 |
| 008 - عناصر البيانات ثابتة الطول | |
| عناصر البيانات ثابتة الطول | 250721s1995 xx gr 000 0 ara d |
| 082 14 - رقم تصنيف ديوي العشري | |
| رقم التصنيف | 218,61 |
| رقم المادة | ز ي د |
| 100 1# - مدخل رئيسي – اسم شخصي | |
| الاسم الشخصي | أبو زيد، نصر حامد |
| علاقة الشخص بالعمل/ دوره | مؤلف. |
| 245 12 - بيان العنوان | |
| العنوان | التفكير في زمن التكفير ضد الجهل و الزيف و الخرافة / |
| بيان المسؤولية | د.نصر حامد ابوزيد |
| 250 ## - بيان الطبعة | |
| بيان الطبعة | الطبعه الثانيه. |
| 264 1# - بيانات النشر، التوزيع…إلخ | |
| مكان النشر، التوزيع...إلخ | القاهرة : |
| اسم الناشر، الموزع...إلخ | سينا للنشر، |
| تاريخ النشر، التوزيع...إلخ | 1995. |
| 300 ## - الوصف المادي | |
| عدد الوحدات المكونة للوعاء | 400 صفحه |
| 650 17 - مدخل إضافي بالموضوع - مصطلح موضوعي | |
| مصطلح موضوعي أو اسم جغرافي كعنصر مدخل | دفع المطاعن عن الإسلام. |
| 942 ## - بيانات إضافية (كوها) | |
| نوع التنصيف | Dewey Decimal Classification |
| نوع المادة (كوها) | كتب |
| حالة السحب | حالة الفقدان | مصدر التصنيف | حالة التلف | غير قابل للإعارة | المكتبة الرئيسية | المكتبة الحالية | موقع الرف | تاريخ التزويد | الرقم المتسلسل | Total Checkouts | رقم الإستدعاء | تاريخ آخر ظهور | تاريخ الفاتورة | نوع المادة (كوها) | الباركود |
|---|---|---|---|---|---|---|---|---|---|---|---|---|---|---|---|
| Dewey Decimal Classification | المكتبة المركزية | المكتبة المركزية | الإعارة | 28/07/2025 | 224887 | 218,61 / ز ي د | 28/07/2025 | 28/07/2025 | كتب | 224887 | |||||
| Dewey Decimal Classification | Unchecked | مكتبة الأميرة ايمان العامة | مكتبة الأميرة ايمان العامة | الإعارة | 06/07/2004 | 2814 | 218,61/زيد | 28/07/2025 | 06/07/2004 | كتب | |||||
| Dewey Decimal Classification | Unchecked | مكتبة الاميرة بديعة | مكتبة الاميرة بديعة | الإعارة | 06/07/2004 | 21861 | 218,61/زيد | 28/07/2025 | 06/07/2004 | كتب | |||||
| Dewey Decimal Classification | مكتبة حمزة العامة | مكتبة حمزة العامة | الإعارة | 08/06/2015 | [6691] | 218,61/زيد | 28/07/2025 | 08/06/2015 | كتب | PLD00329428 | |||||
| Dewey Decimal Classification | مكتبة صويلح العامة | مكتبة صويلح العامة | الإعارة | 29/12/2015 | [14305 | 218,61/زيد | 28/07/2025 | 29/12/2015 | كتب | PLD00368240 | |||||
| Dewey Decimal Classification | مكتبة صويلح العامة | مكتبة صويلح العامة | الإعارة | 07/02/2016 | [11134 | 218,61/زيد | 28/07/2025 | 07/02/2016 | كتب | PLD00372160 | |||||
| Dewey Decimal Classification | Unchecked | مكتبة وادي السير العامة | مكتبة وادي السير العامة | الإعارة | 06/07/2004 | 7991 | 218,61/زيد | 28/07/2025 | 06/07/2004 | كتب |